[Event "2. Bundesliga West 2018/19"]
[Site "OMICRON Electronics"]
[Date "2018.12.08"]
[Round "4"]
[Board "3"]
[White "Neuschmied, Siegfried"]
[Black "Schnegg, Daniel"]
[Result "1-0"]
[WhiteElo "2284"]
[BlackElo "2117"]
[PlyCount "101"]
[EventDate "2018.10.12"]
[EventType "team"]
[EventRounds "11"]
[EventCountry "AUT"]
[WhiteTeam "Kufstein/Woergl"]
[BlackTeam "SPG Oberland"]

1. d4 d6 2. e4 g6 3. Nc3 Nf6 4. Be3 c6 5. h3 Qc7 6. g4 b5 7. Bg2 Bb7 8. a3 Nbd7
9. Nge2 Nb6 10. b3 a6 11. Ng3 Bg7 12. O-O O-O 13. Nce2 e5 14. c3 a5 15. Qc1 a4
16. b4 Rfe8 17. Bh6 Bh8 18. f4 exd4 19. cxd4 Nc4 20. Ra2 c5 21. Nc3 Qb6 22.
bxc5 dxc5 23. d5 Ne3 24. Re1 Nfxg4 25. hxg4 Nxg4 26. Bg5 Bd4+ 27. Kh1 Nf2+ 28.
Kh2 Nd3 29. Qd2 Nxe1 30. Qxe1 Qa5 31. Nge2 b4 32. axb4 Qxb4 33. Qd2 a3 34. e5
Ra7 35. Bf6 Ra6 36. d6 Bxg2 37. d7 Rea8 38. Kxg2 Qb7+ 39. Kg3 Qxd7 40. Ne4 Rb8
41. Nxc5 Qd5 42. Qxd4 Qxa2 43. Nxa6 Qb3+ 44. Kf2 Rc8 45. Nc5 Qc2 46. Nd3 Qc6
47. Nb4 Qa4 48. e6 fxe6 49. Bh8 Kf7 50. Qf6+ Ke8 51. Qxe6+  1-0

[Event "2. Bundesliga West 2018/19"]
[Site "OMICRON Electronics"]
[Date "2018.12.08"]
[Round "4"]
[Board "4"]
[White "Moritz, Christian"]
[Black "Seresin, Francesco"]
[Result "1-0"]
[WhiteElo "2100"]
[BlackElo "2286"]
[PlyCount "75"]
[EventDate "2018.10.12"]
[EventType "team"]
[EventRounds "11"]
[EventCountry "AUT"]
[WhiteTeam "SPG Oberland"]
[BlackTeam "Kufstein/Woergl"]

1. d4 Nf6 2. Nf3 g6 3. c4 Bg7 4. Nc3 d5 5. cxd5 Nxd5 6. e4 Nxc3 7. bxc3 O-O 8.
Be2 c5 9. O-O Nc6 10. Be3 Qa5 11. Qb3 cxd4 12. cxd4 Bg4 13. Rad1 Rad8 14. d5
Ne5 15. Rd2 b6 16. Nxe5 Bxe2 17. Nc6 Qa6 18. Rc1 Bb5 19. Nxd8 Rxd8 20. f4 Bd7
21. e5 Bf5 22. Rc7 g5 23. Qb4 gxf4 24. Qxe7 Rf8 25. Bxf4 Qa4 26. Qg5 Qe4 27. h4
Bg6 28. Qg3 Re8 29. d6 f6 30. d7 Rd8 31. exf6 Bxf6 32. h5 Bd4+ 33. Kh2 Kf7 34.
hxg6+ hxg6 35. Qf3 Rh8+ 36. Bh6+ Qxf3 37. d8=Q+ Ke6 38. Qd7+  1-0

[Event "2. Bundesliga West 2018/19"]
[Site "OMICRON Electronics"]
[Date "2018.12.08"]
[Round "4"]
[Board "5"]
[White "Prediger, Rupert"]
[Black "Meyer, Paul"]
[Result "1-0"]
[WhiteElo "2245"]
[BlackElo "2120"]
[PlyCount "87"]
[EventDate "2018.10.12"]
[EventType "team"]
[EventRounds "11"]
[EventCountry "AUT"]
[WhiteTeam "Kufstein/Woergl"]
[BlackTeam "SPG Oberland"]

1. e4 e5 2. Nf3 Nc6 3. Bc4 Nf6 4. d4 exd4 5. e5 Ne4 6. O-O Nc5 7. Nxd4 Ne6 8.
Nxc6 dxc6 9. Be3 Qxd1 10. Rxd1 Bd7 11. Nc3 Be7 12. Ne4 b6 13. f4 c5 14. c3 Bc6
15. Bd5 Bxd5 16. Rxd5 Rd8 17. Rxd8+ Nxd8 18. Rd1 Nc6 19. Kf2 h5 20. Kf3 h4 21.
Nf2 Bd8 22. Ke4 Rh5 23. g4 hxg3 24. hxg3 Rh2 25. Rh1 Rxh1 26. Nxh1 Kd7 27. Nf2
a5 28. a4 Be7 29. f5 Nd8 30. Ng4 c6 31. Bf4 c4 32. Be3 b5 33. axb5 cxb5 34. Kd5
Nb7 35. Bd4 Nd8 36. e6+ fxe6+ 37. fxe6+ Kc7 38. Bxg7 b4 39. Ne3 b3 40. Nxc4 a4
41. Be5+ Kb7 42. Bd6 Nc6 43. Bxe7 Nxe7+ 44. Kc5  1-0

[Event "2. Bundesliga West 2018/19"]
[Site "OMICRON Electronics"]
[Date "2018.12.08"]
[Round "4"]
[Board "6"]
[White "Pali, Philipp"]
[Black "Kranewitter, Norbert"]
[Result "1-0"]
[WhiteElo "2071"]
[BlackElo "2008"]
[PlyCount "77"]
[EventDate "2018.10.12"]
[EventType "team"]
[EventRounds "11"]
[EventCountry "AUT"]
[WhiteTeam "SPG Oberland"]
[BlackTeam "Kufstein/Woergl"]

1. c4 e5 2. g3 Nc6 3. Bg2 f5 4. Nc3 Nf6 5. e3 e4 6. d3 Bb4 7. Nge2 Ne5 8. dxe4
fxe4 9. O-O Nf3+ 10. Kh1 Qe7 11. Nxe4 Nxe4 12. Bxf3 c6 13. Qd3 d5 14. Kg1 Bf5
15. Nd4 Bg6 16. Qe2 O-O-O 17. a3 Bd6 18. cxd5 cxd5 19. Bd2 Kb8 20. Qb5 Ka8 21.
Bb4 h5 22. Bxd6 Rxd6 23. Qa5 Qd7 24. Rac1 b6 25. Qb5 Qb7 26. h4 Be8 27. Qb4 Rf6
28. Bxe4 dxe4 29. Qc4 Bd7 30. Rc2 Rhf8 31. Rfc1 Bh3 32. Nb5 a6 33. Nc7+ Ka7 34.
Qd5 Qb8 35. Qc4 Qb7 36. Qd5 Qb8 37. a4 Rf3 38. Nb5+ axb5 39. Rc7+  1-0

[Event "2. Bundesliga West 2018/19"]
[Site "OMICRON Electronics"]
[Date "2018.12.08"]
[Round "4"]
[Board "1"]
[White "Lehner, Oliver"]
[Black "Riediger, Martin"]
[Result "1-0"]
[WhiteElo "2399"]
[BlackElo "2276"]
[PlyCount "59"]
[EventDate "2018.10.12"]
[EventType "team"]
[EventRounds "11"]
[EventCountry "AUT"]
[WhiteTeam "Absam"]
[BlackTeam "Ranshofen"]

1. Nf3 Nf6 2. c4 e6 3. g3 b6 4. Bg2 Bb7 5. O-O Be7 6. b3 O-O 7. Bb2 c5 8. e3 d6
9. d4 cxd4 10. exd4 Nbd7 11. Nc3 Re8 12. Re1 Nf8 13. d5 e5 14. b4 Ng6 15. a4 h5
16. a5 h4 17. axb6 hxg3 18. hxg3 Qxb6 19. Ba3 Rec8 20. Nd2 Qd4 21. Nb5 Qb6 22.
Nc3 Qd4 23. Rc1 Ng4 24. Qe2 Nf6 25. c5 dxc5 26. Nb3 Qg4 27. Qxg4 Nxg4 28. Nxc5
Bg5 29. Nxb7 Bxc1 30. Rxc1  1-0

[Event "2. Bundesliga West 2018/19"]
[Site "OMICRON Electronics"]
[Date "2018.12.08"]
[Round "4"]
[Board "2"]
[White "Bensch, Patrick"]
[Black "Wegerle, Joerg"]
[Result "0-1"]
[WhiteElo "2168"]
[BlackElo "2405"]
[PlyCount "88"]
[EventDate "2018.10.12"]
[EventType "team"]
[EventRounds "11"]
[EventCountry "AUT"]
[WhiteTeam "Ranshofen"]
[BlackTeam "Absam"]

1. e4 e5 2. Nf3 Nf6 3. Nxe5 d6 4. Nf3 Nxe4 5. d4 d5 6. Bd3 Bf5 7. O-O Be7 8.
Re1 O-O 9. c4 Nc6 10. Nc3 Nxc3 11. bxc3 Bxd3 12. Qxd3 Re8 13. Bf4 dxc4 14. Qxc4
Bd6 15. Ng5 Qf6 16. Qd3 Qg6 17. Qxg6 hxg6 18. Bxd6 cxd6 19. Ne4 Rad8 20. d5 Ne5
21. Rad1 Nc4 22. f3 Kf8 23. Kf2 b5 24. Rb1 Rb8 25. Rb3 Rb6 26. Re2 Re5 27. f4
Rxd5 28. Ng5 Rd2 29. Rxd2 Nxd2 30. Rb4 Nc4 31. a4 a5 32. Rxb5 Rxb5 33. axb5 a4
34. Nf3 a3 35. Nd4 Ke7 36. Nc6+ Kd7 37. Nb4 Kc7 38. Ke2 Kb6 39. Kd3 Kxb5 40.
Kd4 Nb6 41. g4 Ka4 42. h4 Kb3 43. Nd3 Na4 44. c4 Nc5  0-1

[Event "2. Bundesliga West 2018/19"]
[Site "OMICRON Electronics"]
[Date "2018.12.08"]
[Round "4"]
[Board "3"]
[White "Weinzettl, Ernst"]
[Black "Ager, Josef"]
[Result "1/2-1/2"]
[WhiteElo "2220"]
[BlackElo "2174"]
[PlyCount "60"]
[EventDate "2018.10.12"]
[EventType "team"]
[EventRounds "11"]
[EventCountry "AUT"]
[WhiteTeam "Absam"]
[BlackTeam "Ranshofen"]

1. e4 e5 2. Nf3 Nc6 3. Nc3 Nf6 4. d4 exd4 5. Nxd4 Bb4 6. Nxc6 bxc6 7. Bd3 d5 8.
exd5 cxd5 9. O-O O-O 10. Bg5 c6 11. Qf3 Bd6 12. h3 Rb8 13. Rab1 h6 14. Bxf6
Qxf6 15. Qxf6 gxf6 16. Ne2 Kh8 17. b3 Rg8 18. Kh1 Rb4 19. f4 c5 20. c3 Rb6 21.
Kh2 Re8 22. Ng3 Bc7 23. Rbd1 Re3 24. Rf2 Kg8 25. Bb1 Rd6 26. Rd3 Re1 27. Bc2
Kf8 28. Rd1 Re3 29. Rd3 Re1 30. Rd1 Re3  1/2-1/2

[Event "2. Bundesliga West 2018/19"]
[Site "OMICRON Electronics"]
[Date "2018.12.08"]
[Round "4"]
[Board "4"]
[White "Kuecher, Wolfgang"]
[Black "Deglmann, Ludwig"]
[Result "0-1"]
[WhiteElo "2124"]
[BlackElo "2270"]
[PlyCount "66"]
[EventDate "2018.10.12"]
[EventType "team"]
[EventRounds "11"]
[EventCountry "AUT"]
[WhiteTeam "Ranshofen"]
[BlackTeam "Absam"]

1. c4 f5 2. Nc3 Nf6 3. g3 g6 4. Bg2 Bg7 5. Nf3 O-O 6. O-O d6 7. d4 Qe8 8. d5
Na6 9. Rb1 Nc5 10. b4 Nce4 11. Bb2 a5 12. a3 axb4 13. axb4 e5 14. Nb5 Qe7 15.
Nd2 Nxd2 16. Qxd2 b6 17. e3 Ba6 18. Na3 e4 19. b5 Bc8 20. Nc2 Ra4 21. Nb4 Ng4
22. Ra1 Rxa1 23. Rxa1 Bxb2 24. Qxb2 Bd7 25. Ra7 Rc8 26. Qa2 Ne5 27. Bf1 Nf3+
28. Kg2 Qf8 29. Be2 Qh6 30. Bxf3 exf3+ 31. Kxf3 f4 32. gxf4 Qh5+ 33. Ke4 Qd1
 0-1

[Event "2. Bundesliga West 2018/19"]
[Site "OMICRON Electronics"]
[Date "2018.12.08"]
[Round "4"]
[Board "5"]
[White "De Francesco, Klaus"]
[Black "Stadler, Alexander"]
[Result "1-0"]
[WhiteElo "2288"]
[BlackElo "2114"]
[PlyCount "93"]
[EventDate "2018.10.12"]
[EventType "team"]
[EventRounds "11"]
[EventCountry "AUT"]
[WhiteTeam "Absam"]
[BlackTeam "Ranshofen"]

1. d4 d5 2. Bf4 Nf6 3. e3 e6 4. c3 Bd6 5. Bg3 O-O 6. Nd2 b6 7. Ngf3 c5 8. Ne5
a5 9. a4 cxd4 10. exd4 Ba6 11. Bb5 Bxb5 12. axb5 Qc7 13. Qe2 Nbd7 14. O-O g6
15. f4 Nh5 16. Rf3 Rae8 17. Re1 f6 18. Nd3 Nxg3 19. hxg3 Re7 20. Re3 Rfe8 21.
Qf3 Nf8 22. g4 Qd7 23. f5 Qxb5 24. fxe6 Rxe6 25. Rxe6 Rxe6 26. Rxe6 Nxe6 27.
Qxf6 Qxd3 28. Qxe6+ Kg7 29. Nf1 Bf4 30. Qxd5 Be3+ 31. Nxe3 Qxe3+ 32. Kh2 Qf2
33. Qe5+ Kf7 34. g5 h6 35. gxh6 Qh4+ 36. Kg1 Qxh6 37. d5 g5 38. Qc7+ Ke8 39. d6
Qe6 40. Qc6+ Kf7 41. Kf2 Kg6 42. Qxb6 Qf5+ 43. Kg1 Kh5 44. Qd4 Qb1+ 45. Kh2
Qxb2 46. Qh8+ Kg6 47. d7  1-0

[Event "2. Bundesliga West 2018/19"]
[Site "OMICRON Electronics"]
[Date "2018.12.08"]
[Round "4"]
[Board "6"]
[White "Schwarzmeier, Klaus"]
[Black "Schmidlechner, Alexander"]
[Result "0-1"]
[WhiteElo "2187"]
[BlackElo "2197"]
[PlyCount "76"]
[EventDate "2018.10.12"]
[EventType "team"]
[EventRounds "11"]
[EventCountry "AUT"]
[WhiteTeam "Ranshofen"]
[BlackTeam "Absam"]

1. c4 e6 2. Nf3 d5 3. g3 Nf6 4. Bg2 Be7 5. O-O O-O 6. b3 c5 7. cxd5 Nxd5 8. Bb2
Nc6 9. Nc3 Nf6 10. Rc1 Rb8 11. Na4 b6 12. d4 Nxd4 13. Bxd4 cxd4 14. Nxd4 Bd7
15. Nc6 Bxc6 16. Rxc6 Rc8 17. Qc2 Rxc6 18. Qxc6 Qd2 19. Qb7 Bd8 20. a3 Qa2 21.
Rc1 Qxb3 22. Qxa7 Qxa3 23. Rc8 b5 24. Qb8 bxa4 25. Rxd8 Qe7 26. Rxf8+ Qxf8 27.
Qa7 a3 28. Bc6 g6 29. Qd4 Qe7 30. Bb5 Nd5 31. Qa4 Nc3 32. Qa8+ Qf8 33. Qa5 Qc5
34. Qa8+ Qf8 35. Qa5 Nxb5 36. Qxb5 Qa8 37. Qb1 a2 38. Qa1 Qa3  0-1

[Event "2. Bundesliga West 2018/19"]
[Site "OMICRON Electronics"]
[Date "2018.12.08"]
[Round "4"]
[Board "1"]
[White "Fedorovsky, Michael"]
[Black "Hertneck, Gerald"]
[Result "1/2-1/2"]
[WhiteElo "2481"]
[BlackElo "2487"]
[PlyCount "136"]
[EventDate "2018.10.12"]
[EventType "team"]
[EventRounds "11"]
[EventCountry "AUT"]
[WhiteTeam "Jenbach 2"]
[BlackTeam "Sparkasse Neumarkt"]

1. d4 Nf6 2. c4 g6 3. Nc3 d5 4. cxd5 Nxd5 5. e4 Nxc3 6. bxc3 Bg7 7. Bc4 c5 8.
Ne2 O-O 9. O-O Nc6 10. Be3 Na5 11. Bb5 cxd4 12. cxd4 Bd7 13. Rb1 Bxb5 14. Rxb5
Nc4 15. Bf4 b6 16. Qd3 Rc8 17. Rc1 Qd7 18. Rbb1 Nd6 19. e5 Nb7 20. Qe4 Rxc1+
21. Rxc1 Rc8 22. Rxc8+ Qxc8 23. h4 Na5 24. h5 Qc6 25. d5 Qc4 26. Qf3 Bf8 27. d6
exd6 28. exd6 Qe6 29. Qd3 Nb7 30. d7 Be7 31. Bc7 Bd8 32. Bxd8 Nxd8 33. Nc3 Kf8
34. Ne4 Ke7 35. hxg6 hxg6 36. Qa3+ Kxd7 37. Qxa7+ Kc8 38. f3 f5 39. Ng3 Qe3+
40. Kh2 Nc6 41. Qf7 Ne5 42. Qe6+ Kc7 43. Qe7+ Kc6 44. Qe6+ Kb5 45. Qd5+ Kb4 46.
Nf1 Qf4+ 47. Kg1 Nc4 48. Qe6 Qd4+ 49. Kh2 Qd6+ 50. Qxd6+ Nxd6 51. Kg3 g5 52. f4
Ne4+ 53. Kf3 g4+ 54. Ke2 Nc3+ 55. Kd3 Nxa2 56. Ne3 Nc1+ 57. Kd4 Ne2+ 58. Ke5
Kc5 59. Nxf5 b5 60. Ne3 b4 61. Nxg4 b3 62. Nf2 Nc1 63. Nd1 Nd3+ 64. Kf5 Kd4 65.
g4 Nf2 66. Nb2 Kc3 67. Na4+ Kb4 68. Nb2 Kc3  1/2-1/2

[Event "2. Bundesliga West 2018/19"]
[Site "OMICRON Electronics"]
[Date "2018.12.08"]
[Round "4"]
[Board "2"]
[White "Barseghyan, Harutyun"]
[Black "Binder, Moriz"]
[Result "1/2-1/2"]
[WhiteElo "2466"]
[BlackElo "2234"]
[PlyCount "106"]
[EventDate "2018.10.12"]
[EventType "team"]
[EventRounds "11"]
[EventCountry "AUT"]
[WhiteTeam "Sparkasse Neumarkt"]
[BlackTeam "Jenbach 2"]

1. d4 Nf6 2. Nf3 d5 3. Bf4 c5 4. e3 Nc6 5. Nbd2 cxd4 6. exd4 Qb6 7. Nb3 Bg4 8.
Be2 e6 9. O-O Be7 10. a4 O-O 11. a5 Qd8 12. h3 Bh5 13. c3 Ne4 14. Ne1 Bxe2 15.
Qxe2 Bd6 16. Nd3 Qc7 17. Qg4 Bxf4 18. Qxf4 Qxf4 19. Nxf4 Rfc8 20. Nd3 Rc7 21.
Ra4 Rac8 22. Rfa1 Nb8 23. Nbc5 Nxc5 24. Nxc5 Nd7 25. Nd3 Rc4 26. R4a3 Kf8 27.
Rb3 Rb8 28. f3 Ke7 29. Kf2 Kd6 30. g4 f6 31. Rb5 a6 32. Rb3 e5 33. dxe5+ fxe5
34. Kg3 Rc6 35. Rba3 Rf8 36. Rd1 Nf6 37. Rb3 Rf7 38. Kg2 h6 39. f4 exf4 40.
Nxf4 Rc5 41. Rb6+ Rc6 42. Rb4 Rc5 43. Rb6+ Rc6 44. Nxd5 Nxd5 45. c4 Rxb6 46.
Rxd5+ Kc6 47. axb6 Kxb6 48. g5 hxg5 49. Rxg5 Rc7 50. b3 Rd7 51. b4 Rc7 52. Rg6+
Rc6 53. c5+ Kb5  1/2-1/2

[Event "2. Bundesliga West 2018/19"]
[Site "OMICRON Electronics"]
[Date "2018.12.08"]
[Round "4"]
[Board "3"]
[White "Micheli, Carlo"]
[Black "De Visser, Leon"]
[Result "1/2-1/2"]
[WhiteElo "2211"]
[BlackElo "2243"]
[PlyCount "95"]
[EventDate "2018.10.12"]
[EventType "team"]
[EventRounds "11"]
[EventCountry "AUT"]
[WhiteTeam "Jenbach 2"]
[BlackTeam "Sparkasse Neumarkt"]

1. c4 c5 2. Nc3 g6 3. g3 Bg7 4. Bg2 Nc6 5. e3 e6 6. Nge2 Nge7 7. O-O O-O 8. d4
cxd4 9. exd4 d5 10. cxd5 Nxd5 11. Nxd5 exd5 12. Be3 Bg4 13. f3 Bf5 14. g4 Be6
15. Qd2 Qb6 16. Rfd1 Rfe8 17. Rac1 Rad8 18. Bf2 Qa6 19. Nc3 Qa5 20. Bf1 Qb4 21.
Bb5 Rc8 22. a3 Qf8 23. Na4 f5 24. g5 f4 25. Nc5 Qf7 26. h4 b6 27. Na4 Bd7 28.
Nc3 Na5 29. Bxd7 Qxd7 30. Qxf4 Rf8 31. Qg4 Rf5 32. Ne2 Nb3 33. Rc3 Rxc3 34.
Nxc3 Qc6 35. f4 Qc7 36. Qf3 Qf7 37. Ne2 Na5 38. Be3 Nc4 39. Bc1 Qe6 40. h5 Nd6
41. h6 Bh8 42. Qe3 Ne4 43. Kh2 Rf7 44. Rg1 Re7 45. Rg2 Kf7 46. Qh3 Rc7 47. Be3
Rc4 48. f5  1/2-1/2

[Event "2. Bundesliga West 2018/19"]
[Site "OMICRON Electronics"]
[Date "2018.12.08"]
[Round "4"]
[Board "4"]
[White "Wuppinger, Manfred"]
[Black "Hoellrigl, Wilfried"]
[Result "0-1"]
[WhiteElo "2036"]
[BlackElo "2170"]
[PlyCount "120"]
[EventDate "2018.10.12"]
[EventType "team"]
[EventRounds "11"]
[EventCountry "AUT"]
[WhiteTeam "Sparkasse Neumarkt"]
[BlackTeam "Jenbach 2"]

1. e4 c5 2. c3 Nf6 3. e5 Nd5 4. d4 cxd4 5. Qxd4 e6 6. Nf3 Nc6 7. Qe4 d6 8. Bb5
Bd7 9. c4 Nc7 10. Bg5 d5 11. Bxd8 dxe4 12. Bxc7 exf3 13. Nc3 Rc8 14. Bd6 Bxd6
15. exd6 Nd4 16. O-O a6 17. Rfd1 Ne2+ 18. Nxe2 fxe2 19. Bxd7+ Kxd7 20. Rd4 Rc6
21. f3 Rhc8 22. Re1 Rxc4 23. Rxc4 Rxc4 24. Rxe2 Kxd6 25. Kf2 e5 26. Ke3 f5 27.
Rd2+ Ke6 28. b3 Rc3+ 29. Ke2 g5 30. h3 h5 31. Kf2 f4 32. Ke2 Kf5 33. Rd8 Rc2+
34. Kd3 Rxg2 35. Rf8+ Ke6 36. Re8+ Kf6 37. Rf8+ Ke7 38. Rh8 Rxa2 39. Rxh5 Kf6
40. Rh6+ Kf5 41. Rh8 Rb2 42. Rf8+ Ke6 43. Re8+ Kf6 44. Rf8+ Ke7 45. Rg8 Kf7 46.
Rh8 Rxb3+ 47. Ke4 Re3+ 48. Kf5 e4 49. Rh7+ Ke8 50. Rxb7 exf3 51. Rb1 f2 52. Rf1
Re2 53. Kxg5 a5 54. h4 Kf7 55. h5 a4 56. h6 a3 57. Rc1 Re5+ 58. Kxf4 Re1 59.
Rc7+ Kg6 60. Rc6+ Kh7  0-1

[Event "2. Bundesliga West 2018/19"]
[Site "OMICRON Electronics"]
[Date "2018.12.08"]
[Round "4"]
[Board "5"]
[White "Heinrich, Thomas"]
[Black "Egger, Martin"]
[Result "1/2-1/2"]
[WhiteElo "2144"]
[BlackElo "2043"]
[PlyCount "96"]
[EventDate "2018.10.12"]
[EventType "team"]
[EventRounds "11"]
[EventCountry "AUT"]
[WhiteTeam "Jenbach 2"]
[BlackTeam "Sparkasse Neumarkt"]

1. d4 d5 2. Nf3 Nf6 3. c4 e6 4. g3 Be7 5. Bg2 O-O 6. O-O dxc4 7. Qc2 a6 8. Qxc4
b5 9. Qc2 Bb7 10. Bd2 Nc6 11. e3 Nb4 12. Bxb4 Bxb4 13. a3 Be7 14. Nbd2 Rc8 15.
Nb3 Be4 16. Qc3 b4 17. axb4 Nd5 18. Qc4 Nb6 19. Qxa6 Bxb4 20. Qb5 Bd6 21. Nc5
Ba8 22. Rfc1 Qe7 23. Ra7 Rb8 24. Na6 Rb7 25. Rxb7 Bxb7 26. Ne5 Bxg2 27. Kxg2
Ra8 28. Nc4 Nxc4 29. Rxc4 Qd8 30. Qc6 Ra7 31. e4 e5 32. d5 g5 33. Nc5 g4 34.
Qd7 Qxd7 35. Nxd7 Kg7 36. h3 h5 37. Nc5 Ra5 38. Nb7 Rb5 39. Nxd6 cxd6 40. hxg4
hxg4 41. b4 Kg6 42. f4 gxf3+ 43. Kxf3 Kg5 44. Rc6 Rxb4 45. Rxd6 Rb3+ 46. Kf2
Rb2+ 47. Ke3 Rb3+ 48. Kf2 Rb2+  1/2-1/2

[Event "2. Bundesliga West 2018/19"]
[Site "OMICRON Electronics"]
[Date "2018.12.08"]
[Round "4"]
[Board "6"]
[White "Bruckner, Simon"]
[Black "Kondrak, Christof"]
[Result "0-1"]
[WhiteElo "1729"]
[BlackElo "2107"]
[PlyCount "116"]
[EventDate "2018.10.12"]
[EventType "team"]
[EventRounds "11"]
[EventCountry "AUT"]
[WhiteTeam "Sparkasse Neumarkt"]
[BlackTeam "Jenbach 2"]

1. e4 c5 2. Nf3 e6 3. d4 cxd4 4. Nxd4 a6 5. Nc3 b5 6. Bd3 Bb7 7. O-O Qc7 8. Kh1
Nc6 9. Nxc6 Bxc6 10. f4 b4 11. Ne2 Qb7 12. Ng3 Nf6 13. Qe2 h5 14. h4 Be7 15.
Bd2 Ng4 16. c3 Bxh4 17. Be1 Be7 18. cxb4 h4 19. Nh5 Rxh5 20. Qxg4 g6 21. Kg1
Bxe4 22. Rd1 Bxd3 23. Rxd3 Bxb4 24. Bxh4 Bc5+ 25. Bf2 Bxf2+ 26. Rxf2 Rc8 27.
Rd1 Qb6 28. Qe2 Ke7 29. Qd2 Rd5 30. Qe2 Rxd1+ 31. Qxd1 Qe3 32. Qf3 Rc1+ 33. Kh2
Qxf3 34. Rxf3 f6 35. Kg3 e5 36. Re3 Ke6 37. Ra3 Rc6 38. fxe5 fxe5 39. Kf3 Rb6
40. b3 d5 41. Ra4 Rc6 42. Ke3 Kf5 43. Ra5 Rd6 44. b4 d4+ 45. Kd3 Kf4 46. b5 e4+
47. Kd2 axb5 48. Rxb5 Ra6 49. Rb2 Ra3 50. Rb3 Rxa2+ 51. Ke1 Rxg2 52. Rb8 Ke3
53. Rb3+ d3 54. Kf1 Rc2 55. Ra3 Kd2 56. Ra1 Rc1+ 57. Rxc1 Kxc1 58. Kg1 d2  0-1

[Event "2. Bundesliga West 2018/19"]
[Site "OMICRON Electronics"]
[Date "2018.12.09"]
[Round "5"]
[Board "1"]
[White "Spornberger, Andre"]
[Black "Sergeev, Vladimir"]
[Result "0-1"]
[WhiteElo "2313"]
[BlackElo "2412"]
[PlyCount "72"]
[EventDate "2018.10.12"]
[EventType "team"]
[EventRounds "11"]
[EventCountry "AUT"]
[WhiteTeam "Rochade Rum"]
[BlackTeam "Bregenz"]

1. d4 d6 2. Bf4 Nd7 3. Nf3 g6 4. e3 Bg7 5. h3 e5 6. Bh2 Nh6 7. Be2 O-O 8. O-O
Kh8 9. c4 f5 10. Nc3 g5 11. dxe5 dxe5 12. e4 f4 13. Nd2 c6 14. b4 Qe7 15. a3
Nf6 16. f3 Nf7 17. c5 Be6 18. Nc4 Rad8 19. Qe1 Rd4 20. Nb2 Rfd8 21. Kh1 h5 22.
Bg1 R4d7 23. Rd1 g4 24. hxg4 hxg4 25. Qh4+ Kg8 26. g3 Bh6 27. fxg4 Bg5 28. Qh3
Kg7 29. Bh2 Rh8 30. Qg2 Rxd1 31. Nbxd1 Nxg4 32. Bxg4 Bxg4 33. Nf2 f3 34. Qg1
Be3 35. Ncd1 Bd4 36. Re1 Bh3  0-1

[Event "2. Bundesliga West 2018/19"]
[Site "OMICRON Electronics"]
[Date "2018.12.09"]
[Round "5"]
[Board "2"]
[White "Weindl, Alfred"]
[Black "Spornberger, Maximilian"]
[Result "1/2-1/2"]
[WhiteElo "2319"]
[BlackElo "2298"]
[PlyCount "64"]
[EventDate "2018.10.12"]
[EventType "team"]
[EventRounds "11"]
[EventCountry "AUT"]
[WhiteTeam "Bregenz"]
[BlackTeam "Rochade Rum"]

1. d4 g6 2. e4 Bg7 3. Nf3 d6 4. Be2 Nc6 5. O-O e5 6. dxe5 Nxe5 7. Nxe5 Bxe5 8.
c3 Bg7 9. f4 Ne7 10. Be3 Nc6 11. Nd2 O-O 12. Qb3 Kh8 13. Rae1 Rb8 14. Nf3 Be6
15. Qc2 f5 16. Ng5 Bg8 17. exf5 gxf5 18. Nf3 a6 19. Nd4 Ne7 20. Bf3 c5 21. Ne2
Ng6 22. g3 Qa5 23. a3 b5 24. Rd1 Qc7 25. Rd2 Ne7 26. Rfd1 Rfd8 27. Bf2 a5 28.
Nc1 a4 29. Re1 Bf6 30. Qd1 Rd7 31. Bg2 Rbd8 32. Qh5 Kg7  1/2-1/2

[Event "2. Bundesliga West 2018/19"]
[Site "OMICRON Electronics"]
[Date "2018.12.09"]
[Round "5"]
[Board "3"]
[White "Moroder, Stefan"]
[Black "Dobosz, Henryk"]
[Result "1/2-1/2"]
[WhiteElo "2158"]
[BlackElo "2399"]
[PlyCount "32"]
[EventDate "2018.10.12"]
[EventType "team"]
[EventRounds "11"]
[EventCountry "AUT"]
[WhiteTeam "Rochade Rum"]
[BlackTeam "Bregenz"]

1. e4 e5 2. Nf3 Nc6 3. Bb5 g6 4. c3 a6 5. Bxc6 dxc6 6. Nxe5 Qg5 7. Nf3 Qxg2 8.
Rg1 Qh3 9. Rg3 Qe6 10. Ng5 Qe7 11. d3 h6 12. Nf3 Nf6 13. Be3 c5 14. c4 b5 15.
Nc3 c6 16. e5 Ng4  1/2-1/2

[Event "2. Bundesliga West 2018/19"]
[Site "OMICRON Electronics"]
[Date "2018.12.09"]
[Round "5"]
[Board "4"]
[White "Hess, Max"]
[Black "Jedinger, Andreas"]
[Result "1-0"]
[WhiteElo "2326"]
[BlackElo "2108"]
[PlyCount "69"]
[EventDate "2018.10.12"]
[EventType "team"]
[EventRounds "11"]
[EventCountry "AUT"]
[WhiteTeam "Bregenz"]
[BlackTeam "Rochade Rum"]

1. d4 Nf6 2. Bf4 d5 3. e3 c5 4. c3 Nc6 5. Nd2 Bf5 6. Ngf3 Qb6 7. dxc5 Qxb2 8.
Nd4 Bg6 9. Bb5 Nd7 10. Qc1 Qxc1+ 11. Rxc1 e5 12. Nxc6 bxc6 13. Bxc6 Rc8 14.
Bxd7+ Kxd7 15. Bxe5 Rxc5 16. Nb3 Rc4 17. Bd4 Ba3 18. Rd1 f6 19. O-O Ra8 20.
Rfe1 Ke6 21. e4 dxe4 22. Nd2 Rc6 23. Nxe4 Kf7 24. h4 Bb2 25. Rb1 Bxe4 26. Rxe4
Bxc3 27. Rb7+ Kg6 28. Bxc3 Rxc3 29. Ree7 Ra3 30. Rxg7+ Kf5 31. g4+ Ke6 32.
Rbe7+ Kd6 33. Re2 Rh8 34. Rf7 Rf3 35. Kg2  1-0

[Event "2. Bundesliga West 2018/19"]
[Site "OMICRON Electronics"]
[Date "2018.12.09"]
[Round "5"]
[Board "5"]
[White "Berchtold, Clemens"]
[Black "Bezler, Rainer"]
[Result "1/2-1/2"]
[WhiteElo "2024"]
[BlackElo "2207"]
[PlyCount "52"]
[EventDate "2018.10.12"]
[EventType "team"]
[EventRounds "11"]
[EventCountry "AUT"]
[WhiteTeam "Rochade Rum"]
[BlackTeam "Bregenz"]

1. d4 d5 2. c4 c6 3. Nc3 Nf6 4. e3 Bf5 5. Nf3 e6 6. Nh4 Bg4 7. Qb3 Qc7 8. h3
Bh5 9. g4 Bg6 10. Nxg6 hxg6 11. Bg2 Nbd7 12. Bd2 Bd6 13. O-O-O O-O-O 14. Kb1
Kb8 15. Rc1 dxc4 16. Qxc4 Nb6 17. Qb3 Qe7 18. Na4 Nxa4 19. Qxa4 Nd5 20. Qb3 Rc8
21. Bf1 f5 22. Be2 Qh4 23. Be1 Qe7 24. Bd2 Qh4 25. Be1 Qe7 26. Bd2 Qh4  1/2-1/2

[Event "2. Bundesliga West 2018/19"]
[Site "OMICRON Electronics"]
[Date "2018.12.09"]
[Round "5"]
[Board "6"]
[White "Ciolek, Andreas"]
[Black "Babinetz, Rainer"]
[Result "1-0"]
[WhiteElo "2247"]
[BlackElo "1996"]
[PlyCount "37"]
[EventDate "2018.10.12"]
[EventType "team"]
[EventRounds "11"]
[EventCountry "AUT"]
[WhiteTeam "Bregenz"]
[BlackTeam "Rochade Rum"]

1. e4 e5 2. Nf3 Nf6 3. Nc3 Bb4 4. Nxe5 Bxc3 5. dxc3 d6 6. Nf3 Nxe4 7. Bd3 Bf5
8. O-O O-O 9. Nd4 Bg6 10. f4 c5 11. f5 cxd4 12. Bxe4 d5 13. Bd3 dxc3 14. bxc3
Nc6 15. fxg6 hxg6 16. Be3 Re8 17. Qf3 Ne5 18. Qf4 Qd7 19. Bd4  1-0